000
00291nam a22001337a 4500
008
170721b xxu||||| |||| 00| 0 eng d
020
_a
0394546229
041
_a
eng
080
_a
004
100
_a
28
101
_a
SHKI
245
_a
THE CULT OF INFORMATION
_c
ROSZAK, TH
942
_2
udc
_c
BK
999
_c
21690
_d
21690